000 00245nam a22001217a 4500
008 170216b xxu||||| |||| 00| 0 eng d
041 _aeng
080 _a61
100 _a4
101 _aSHM
245 _aHEAD INJURY
_cCAVENESS
942 _2udc
_cBK
999 _c5672
_d5672